| 000 | 02094cam a22003377a 4500 | ||
|---|---|---|---|
| 090 | _c0 | ||
| 001 | 15147118 | ||
| 005 | 20080318123541.0 | ||
| 008 | 080118s2007 maua 001 0 eng d | ||
| 010 | _a 2008270776 | ||
| 020 | _a1418836338 | ||
| 035 | _a(OCoLC)ocm64667833 | ||
| 040 |
_aCDF _cCDF _dBAKER _dYDXCP _dBTCTA _dDLC |
||
| 042 | _alccopycat | ||
| 050 | 0 | 0 |
_aQA76.63 _b.F37 2007 |
| 082 | 0 | 0 |
_a005.15 _222 _bFAR |
| 100 | 1 | _aFarrell, Joyce. | |
| 245 | 1 | 0 |
_aProgramming logic and design comprehensive / _cJoyce Farrell. |
| 250 | _a4th ed. | ||
| 260 |
_aBoston, Mass. : _bCourse Technology, _cc2007. |
||
| 300 |
_a1 v. (various pagings) : _bill. ; _c24 cm. + _e1 CD-ROM (4 3/4 in.) |
||
| 500 | _aIncludes index. | ||
| 505 | 2 | _a1. An overview of computers and logic -- 2. Understanding structure -- 3. Modules, hierarchy charts, and documentation -- 4. Desiging and writing a complete program -- 5. Making decisions -- 6. Looping -- 7. Control breaks -- 8. Arrays -- 9. Advanced array manipulation -- 10. Using menus and validating input -- 11. Sequential file merging, matching, and updating -- 12. Advanced modularization techniques -- 13. Object-oriented programming -- 14. Event-driven programming with graphical user interfaces -- 15. System modeling with UML -- 16. Using relational databases -- Appendix A. Solving difficult structuring problems -- Appendix B. Understanding numbering systems and computer codes -- Appendix C. Using a large decision table -- Glossary -- Index. | |
| 650 | 0 | _aLogic programming. | |
| 650 | 0 | _aLogic design. | |
| 710 | 2 | _aCourse Technology, Inc. | |
| 942 |
_2ddc _cBB |
||
| 999 |
_c10649 _d10649 |
||